书目信息 |
| 题名: |
职业尊严
|
|
| 作者: | 吴玲 著 | |
| 分册: | ||
| 出版信息: | 北京 北京理工大学出版社 2016 |
|
| 页数: | 223页 | |
| 开本: | 24cm | |
| 丛书名: | ||
| 单 册: | ||
| 中图分类: | B822.9 | |
| 科图分类: | ||
| 主题词: | 职业伦理学--案例 | |
| 电子资源: | ||
| ISBN: | 978-7-5682-1889-4 | |
| 000 | 00890nam0 2200229 450 | |
| 001 | 012001004139 | |
| 005 | 20140928162349.0 | |
| 010 | @a978-7-5682-1889-4@dCNY35.00 | |
| 100 | @a20160822d2016 em y0chiy50 ea | |
| 101 | 0 | @achi |
| 102 | @aCN@b110000 | |
| 105 | @ay z 000yy | |
| 106 | @ar | |
| 200 | 1 | @a职业尊严@9zhi ye zun yan@f吴玲著 |
| 210 | @a北京@c北京理工大学出版社@d2016 | |
| 215 | @a223页@d24cm | |
| 330 | @a职业尊严是指人从事某种职业,所拥有应有的权利,并且这些权利被其他人所尊重。不论哪一种职业,都是社会正常运转的有机组成,职业的尊严不因其曝光度、知名度、收入高低而有所损益。本书通过一个个小的案例,向读者展示什么是真正的职业尊严,让读者能够通过阅读本书对自己的工作有一个更好的认识,找到属于自己的职业尊严。 | |
| 606 | 0 | @a职业伦理学@x案例 |
| 690 | @aB822.9@v5 | |
| 701 | 0 | @a吴玲@9wu ling@4著 |
| 801 | 0 | @aCN@b上海新华@c20180901 |
| 905 | @b1170260-4@dB822.9@e1283@f5 | |
| 职业尊严/吴玲著.-北京:北京理工大学出版社,2016 |
| 223页;24cm |
| ISBN 978-7-5682-1889-4:CNY35.00 |
| 职业尊严是指人从事某种职业,所拥有应有的权利,并且这些权利被其他人所尊重。不论哪一种职业,都是社会正常运转的有机组成,职业的尊严不因其曝光度、知名度、收入高低而有所损益。本书通过一个个小的案例,向读者展示什么是真正的职业尊严,让读者能够通过阅读本书对自己的工作有一个更好的认识,找到属于自己的职业尊严。 |
| ● |
| 相关链接 |
|
|
|
|
正题名:职业尊严
索取号:B822.9/1283
 
预约/预借
| 序号 | 登录号 | 条形码 | 馆藏地/架位号 | 状态 | 备注 |
| 1 | 1170260 | 211702601 | 第一样本阅览室/ [索取号:B822.9/1283] | 在馆 | |
| 2 | 1170261 | 211702610 | 第一借阅区/ [索取号:B822.9/1283] | 在馆 | |
| 3 | 1170262 | 211702629 | 第一借阅区/ [索取号:B822.9/1283] | 在馆 | |
| 4 | 1170263 | 211702638 | 第一借阅区/ [索取号:B822.9/1283] | 在馆 | |
| 5 | 1170264 | 211702647 | 第一借阅区/ [索取号:B822.9/1283] | 在馆 |